MALALA THE GIRL WHO STOOD UP FOR EDUCATI (Record no. 23856)

MARC details
000 -LEADER
fixed length control field 00341nam a2200133Ia 4500
008 - FIXED-LENGTH DATA ELEMENTS--GENERAL INFORMATION
fixed length control field 240624s9999 xx 000 0 und d
041 ## - LANGUAGE CODE
Language code of text/sound track or separate title eng
082 ## - DEWEY DECIMAL CLASSIFICATION NUMBER
Classification number 828 YOU
100 ## - MAIN ENTRY--PERSONAL NAME
Personal name YOUSAFZAI MALALA
245 ## - TITLE STATEMENT
Title MALALA THE GIRL WHO STOOD UP FOR EDUCATI
260 ## - PUBLICATION, DISTRIBUTION, ETC.
Date of publication, distribution, etc. 2014
Place of publication, distribution, etc. New Delhi
Name of publisher, distributor, etc. Indigo
300 ## - PHYSICAL DESCRIPTION
Extent 245 : p. : cm. ; 19
365 ## - TRADE PRICE
Currency code RS
Price amount 25
Holdings
Withdrawn status Lost status Damaged status Not for loan Home library Current library Shelving location Date acquired Source of acquisition Cost, normal purchase price Total Checkouts Full call number Barcode Date last seen Date last checked out Copy number Price effective from Koha item type
        IMTN IMTN Rack 43-A 11/13/2014 WBD 299.00 1 828 YOU 23856 07/18/2024 07/09/2024 1 06/24/2024 Books
Designed & Maintained by: LRC IMT Nagpur Contact: lrc@imtnag.ac.in© 2024. All Rights Reserved.